All 5-Letter Words Starting with “Z” - Statistics

General Stats
  • This quiz has been taken 312 times
    188 since last reset
  • The average score is 12 of 65
Answer Stats
Word % Correct
zebra
78%
zeros
63%
zippy
63%
zooms
63%
zeals
61%
zones
61%
zappy
53%
zesty
50%
zincs
50%
zoned
50%
zests
47%
zoner
45%
zilch
39%
zings
39%
zines
30%
zonks
29%
zingy
26%
zonal
23%
zebus
20%
zincy
18%
zooks
17%
zills
15%
zoons
15%
zitis
14%
zooey
14%
zetas
13%
zippo
12%
zooty
12%
zaire
10%
zloty
10%
zombi
10%
zowie
10%
zaxes
7%
zerks
7%
zooid
7%
zarfs
6%
zouks
6%
zineb
5%
zinky
5%
zymes
5%
zamia
4%
zedas
4%
zeins
4%
zinco
4%
zuppa
4%
zakat
3%
zayin
3%
zazen
3%
zebec
3%
zibet
3%
zlote
3%
zoril
3%
zuzim
3%
zaida
2%
zaidy
2%
zendo
2%
ziram
2%
zoeas
2%
zoris
2%
zowee
2%
zanza
1%
zizit
1%
zoeae
1%
zoeal
1%
zonae
1%
No matching quizzes found
Score Distribution
Percent of People with Each Score
Percentile by Number Answered
Your Score History
You have not taken this quiz since the last reset